000 00838nmc a2200289 a 4500
003 AR-BaBNM
005 20251128203032.0
008 011101s1989 ||||||||||||||000 | spa||
020 _a84-7046-458-2
040 _cAR-BaBNM
100 1 _aMedina Rivilla, Antonio
245 1 0 _aLa enseñanza y la interacción social en el aula
250 _a2ª ed.
260 _aMadrid
_bCincel-Kapelusz
_c1989
300 0 _a168 p.
_bil.
490 0 _aDidáctica
_vv. 5
500 0 _aContiene biblografía al final de cada capítulo
650 4 _aAMBIENTE DE LA CLASE
650 4 _aACTIVIDADES DE LA CLASE
650 4 _aCOMUNICACION EN LA CLASE
650 4 _aPERFECCIONAMIENTO DEL DOCENTE
650 4 _aMETODOS DE INVESTIGACION
653 0 _aINTERACCION EDUCATIVA
653 0 _aINVESTIGACION EDUCATIVA
942 _cBK
998 _cCarmen
999 _c1610
_d1610